MARC details
| 000 -LEADER |
| fixed length control field |
03065nam a22003377a 4500 |
| 005 - DATE AND TIME OF LATEST TRANSACTION |
| control field |
20190226084846.0 |
| 008 - FIXED-LENGTH DATA ELEMENTS--GENERAL INFORMATION |
| fixed length control field |
111215t mx ||||| |||| 00| 0 spa d |
| 050 04 - LIBRARY OF CONGRESS CALL NUMBER |
| Classification number |
BX1427.A35.M86 |
| Item number |
O27 1852 |
| 100 1# - MAIN ENTRY--PERSONAL NAME |
| Personal name |
Munguía, Clemente de Jesús, |
| Titles and other words associated with a name |
[Obispo], |
| Dates associated with a name |
[1810-1868], |
| Fuller form of name |
[Clemente de Jesús Munguía y Núñez] |
| 245 10 - TITLE STATEMENT |
| Title |
Obras diversas del Licenciado Clemente de Jesús Munguía : |
| Remainder of title |
obispo de Michoacán / |
| Statement of responsibility, etc |
Clemente de Jesús Munguía. |
| 250 ## - EDITION STATEMENT |
| Edition statement |
1a ed. |
| 260 ## - PUBLICATION, DISTRIBUTION, ETC. (IMPRINT) |
| Place of publication, distribution, etc |
Morelia, Michoacán de Ocampo, México : |
| Name of publisher, distributor, etc |
Imprenta de Ignacio Arango, |
| Date of publication, distribution, etc |
1852 |
| 300 ## - PHYSICAL DESCRIPTION |
| Extent |
v. ; |
| Dimensions |
26 cm. |
| 440 #0 - SERIES STATEMENT/ADDED ENTRY--TITLE |
| Title |
Obras Diversas. |
| Number of part/section of a work |
No.I |
| Name of part/section of a work |
Primera serie ; |
| Volume number/sequential designation |
v.1-3 |
| 440 #0 - SERIES STATEMENT/ADDED ENTRY--TITLE |
| Title |
Obras Diversas. |
| Number of part/section of a work |
No.I |
| Name of part/section of a work |
Segunda serie ; |
| Volume number/sequential designation |
v. 1-3 |
| 440 #0 - SERIES STATEMENT/ADDED ENTRY--TITLE |
| Title |
Obras Diversas. |
| Number of part/section of a work |
No.I |
| Name of part/section of a work |
Segunda serie ; |
| Volume number/sequential designation |
v. 1-3 |
| 500 ## - GENERAL NOTE |
| General note |
En el lomo de la pasta del v. I. segunda serie dice: Obras diversas. segunda serie. v. 5 : Estudios sobre el Hombre. t. I |
| 500 ## - GENERAL NOTE |
| General note |
Nota : El volumen 1-3 (1a. serie) esta enfermo (hongo) |
| 504 ## - BIBLIOGRAPHY, ETC. NOTE |
| Bibliography, etc |
Incluye referencias bibliográficas e índice |
| 505 1# - FORMATTED CONTENTS NOTE |
| Formatted contents note |
Contenido: |
| Miscellaneous information |
v. 1-3. (1a. serie). -- |
| Title |
I. Los Principios de la Iglesia Católica comparados con los de las escuelas racionalistas en sus relaciones con la enseñanza y la educación pública. -- II. Memoria instructiva sobre el orígen, progresos y estado actual de la enseñanza y educación pública en el Seminario Tridentino de Morelia. -- III. Del pensamiento y su enunciación considerado en sí mismo, en sus relaciones y en sus leyes. |
| 505 1# - FORMATTED CONTENTS NOTE |
| Formatted contents note |
Contenido: |
| Miscellaneous information |
v. 1-3. (2a. serie). -- |
| Title |
I. Estudios fundamentales sobre el hombre, considerado bajo el triple aspecto de la religión, de la moral y de las leyes. -- II. Exámen filosófico sobre las relaciones del órden natural y el sobrenatural, ya entre si, ya con la perfección intelectual, moral y social de la especie humana -- III. Disertación sobre el estudio de la lengua castellana, discurso sobre la bella literatura, disertación sobre la elocuencia religiosa, arengas, ensayos de crítica. |
| 505 1# - FORMATTED CONTENTS NOTE |
| Formatted contents note |
Contenido: |
| Miscellaneous information |
v. 1 (2a. serie). -- |
| Title |
I. Estudios fundamentales sobre el hombre, considerado bajo el triple aspecto de la religión, de la moral y de las leyes. -- II. Exámen filosófico sobre las relaciones del órden natural y el sobrenatural ya entre si, ya con la perfección intelectual, moral y social de la especie humana. -- III. Disertación sobre el estudio de la lengua castellana, discurso sobre la bella literatura, disertación sobre la elocuencia religiosa, arengas, ensayos de crítica. |
| 610 17 - SUBJECT ADDED ENTRY--CORPORATE NAME |
| Source of heading or term |
LEMB |
| Corporate name or jurisdiction name as entry element |
México. |
| Subordinate unit |
Seminario Tridentino de Morelia (Michoacán) |
| 650 #7 - SUBJECT ADDED ENTRY--TOPICAL TERM |
| Source of heading or term |
LEMB |
| Topical term or geographic name as entry element |
Educación comparada |
| Chronological subdivision |
Siglo XIX |
| Geographic subdivision |
Michoacán de Ocampo |
| -- |
México |
| 650 #7 - SUBJECT ADDED ENTRY--TOPICAL TERM |
| Source of heading or term |
LEMB |
| Topical term or geographic name as entry element |
Educación religiosa |
| Chronological subdivision |
Siglo XIX |
| Geographic subdivision |
Michoacán de Ocampo |
| -- |
México |
| 650 #7 - SUBJECT ADDED ENTRY--TOPICAL TERM |
| Source of heading or term |
LEMB |
| Topical term or geographic name as entry element |
Educación y estado |
| Chronological subdivision |
Siglo XIX |
| Geographic subdivision |
Michoacán de Ocampo |
| -- |
México |
| 650 #7 - SUBJECT ADDED ENTRY--TOPICAL TERM |
| Source of heading or term |
ESCAMILLA |
| Topical term or geographic name as entry element |
Lengua castellana |
| General subdivision |
Crítica e interpretación |
| 650 #7 - SUBJECT ADDED ENTRY--TOPICAL TERM |
| Source of heading or term |
LEMB |
| Topical term or geographic name as entry element |
Teología moral |
| Chronological subdivision |
Siglo XIX |
| 650 #7 - SUBJECT ADDED ENTRY--TOPICAL TERM |
| Source of heading or term |
LEMB |
| Topical term or geographic name as entry element |
Hombre (Teología cristiana) |
| Chronological subdivision |
Siglo XIX |
| 942 ## - ADDED ENTRY ELEMENTS (KOHA) |
| Source of classification or shelving scheme |
Biblioteca del Cogreso de los Estados Unidos |
| Koha item type |
Libro |